| 000 | 00566cam a2200181 i 4500 | ||
|---|---|---|---|
| 005 | 20260402120741.0 | ||
| 008 | 250721s1992 xxka gs 000 0 eng d | ||
| 020 | _a8486022649 | ||
| 082 | 1 | 4 |
_a956.0651 _bA N D |
| 110 | 2 |
_aThe Metropolitan Museum Of Art _eeditor. |
|
| 245 | 0 | 0 |
_aAl andalus las artes islamicas en espana / _cThe Metropolitan Museum Of Art |
| 264 | 3 | 1 |
_anew york : _bthe metropolitan museum of art, _c1992. |
| 300 | _a427 page. | ||
| 650 | 1 | 7 | _aHISTORY OF THE ARABS. |
| 650 | 1 | 7 | _aALANDALAS. |
| 942 |
_2ddc _cBK |
||
| 999 |
_c130271 _d130271 |
||